000 00882nas a2200277 4500
001 BR7904198
003 BR-BrBNA
005 20231205083819.0
007 ta
008 230509b bl.|||p| |||| 00| 00por d
040 _aBR-BrBNA
_bpor
_cBiblioteca Nacional de Agricultura
041 _a(Pt)
072 _aF00
100 1 _aMelo, W.J.
100 1 _aAndrade, J.E.
100 1 _aFaleiros, R.R.S.
100 1 _aKanesiro, M.A.B.
245 1 _aA cultura intercalada Sorghum bicolor (L.)Moench X Dolichos lablab L., 1: Efeitos sobre o desenvolvimento e a producao [Sorgo granifero; Labe-labe]
650 _aSORGO GRANIFERO
650 _aLABE-LABE
650 _aPRATICA CULTURAL
650 _aCULTIVO INTERCALADO
773 0 _tCientifica (Brazil)
_xISSN 0100-0039
_g(1979), v. 7(1) p. 101-107
_wBR7904198
909 _a202311
_bLúcia
_c55
_dLúcia Elande
942 _2AGRIS
_n0
_cANA
999 _c101358
_d101358